• 首页
  • 本馆介绍
  • 公告通知
  • 最新文献
  • 馆藏检索
  • 电子资源
  • 读者导购
  • 参考咨询
  • 我的图书馆
  • 登录
  • 详细信息显示
  • 放入我的书架
  • 预约/预借图书
  • 作者相关作品
  • 分类相关作品
  • 丛书相关作品
  • 出版社相关作品

书目信息

  • 表格格式
  • 工作单格式
  • 卡片格式
题名:
环经艺术教育
    
 
作者: 杨文会
分册:  
出版信息: 北京   人民 出版社  2003
页数: 350
开本: 20cm
丛书名:
单 册:
中图分类: TU856
科图分类:
主题词: 房屋建筑设备:机电设备
电子资源:
ISBN: 7-01-003807-4
000 00537nam0 2200181 450
001 0729297901
005 20071003080817.90
010    @a7-01-003807-4@b精装@d¥23.00
100    @a20071003d km y0chiy0120 ea
101 0  @achi
200 1  @a环经艺术教育@Ahuan jing yi shu jiao yu@f杨文会@Fyang wen hui
210    @a北京@c人民 出版社@d2003
215    @a350@d20cm
606 0  @a房屋建筑设备:机电设备
690    @aTU856@v4
701  0 @a杨文会@Ayang wen hui
801  0 @aCN@b大连网信软件有限公司图书馆·11@c20071003
905    @a213230@dTU856@eM35
    
    环经艺术教育/杨文会.-北京:人民 出版社,2003
    350;20cm
    
    
    ISBN 7-01-003807-4(精装):¥23.00
    
●
相关链接 在E读中查询图书 在五车中查询图书 在当当中查询图书 在豆瓣中查询图书


正题名:环经艺术教育     索取号:TU856/M35         预约/预借

序号 登录号 条形码 馆藏地/架位号 状态 备注
1 6400797   264007979   密集书库-美术系/ [索取号:TU856/M35] 在馆    
唐山师范学院图书馆 欢迎您!
大连网信软件有限公司© 版权所有